Прибалтика против фашизма. Советские прибалтийские дивизии в Великой Отечественной войне

Detalles Bibliográficos
Autor principal: Петренко А. И.
Sumario:Под флагом борьбы с российскими "оккупантами" режимы, утвердившиеся в Латвии и Эстонии, не только переписывают учебники на новый лад. Фактически они ведут своего рода тотальную войну против памяти большинства населения собственных стран. С педантизмом, подкрашенным страстью, новые власти стремятся отнять у балтийских народов память о собственной жизни, о собственных карьерах в советское время. С особым надрывом власти Латвии и Эстонии стремятся убедить всех и каждого в том, что их народы были заняты исключительно сопротивлением. Да, были балтийские части в составе гитлеровских войск. И нацистские награды там открыто носят на груди. Но были и другие части, и другие награды, которые теперь носить запрещено. На этом разудалом пропагандистском фоне бесхитростная хроника формирования и боевого пути латвийских и эстонских дивизий в составе Советской Армии в годы Великой Отечественной войны приобретает совершенно особое значение.
Lenguaje:ruso
Publicado: Москва, КДУ, 2013
Colección:Евровосток
Materias:
Formato: Libro
KOHA link:https://koha.lib.tpu.ru/cgi-bin/koha/opac-detail.pl?biblionumber=344725

MARC

LEADER 00000nam0a2200000 4500
001 344725
005 20231102005708.0
010 |a 9785906226419 
010 |a 978-5-9739-0029-0 
035 |a (RuTPU)RU\TPU\book\376444 
090 |a 344725 
100 |a 20200327d2013 km y0rusy50 ca 
101 0 |a rus 
102 |a RU 
105 |a y z 001zy 
200 1 |a Прибалтика против фашизма. Советские прибалтийские дивизии в Великой Отечественной войне  |f А. И. Петренко 
210 |a Москва  |c КДУ  |c Европа  |d 2013 
215 |a 140 с. 
225 1 |a Евровосток 
320 |a Библиогр. в тексте 
330 |a Под флагом борьбы с российскими "оккупантами" режимы, утвердившиеся в Латвии и Эстонии, не только переписывают учебники на новый лад. Фактически они ведут своего рода тотальную войну против памяти большинства населения собственных стран. С педантизмом, подкрашенным страстью, новые власти стремятся отнять у балтийских народов память о собственной жизни, о собственных карьерах в советское время. С особым надрывом власти Латвии и Эстонии стремятся убедить всех и каждого в том, что их народы были заняты исключительно сопротивлением. Да, были балтийские части в составе гитлеровских войск. И нацистские награды там открыто носят на груди. Но были и другие части, и другие награды, которые теперь носить запрещено. На этом разудалом пропагандистском фоне бесхитростная хроника формирования и боевого пути латвийских и эстонских дивизий в составе Советской Армии в годы Великой Отечественной войны приобретает совершенно особое значение. 
606 1 |a Вооруженные силы СССР в Великой Отечественной войне 1941-1945  |2 stltpush  |3 (RuTPU)RU\TPU\subj\66643  |9 82694 
610 1 |a Прибалтика 
610 1 |a фашизм 
610 1 |a 130-й Латышский стрелковый корпус 
610 1 |a 16 Литовская стрелковая дивизия 
610 1 |a 8 Эстонский стрелковый корпус 
686 |a Т3(2)622-35  |v LBC/SL-A  |2 rubbk 
700 1 |a Петренко  |b А. И. 
801 1 |a RU  |b 63413507  |c 20200327 
801 2 |a RU  |b 63413507  |c 20200910  |g RCR 
942 |c BK 
959 |a 12/20200327  |d 1  |e 176,00  |f ЧЗГЛ:1